Normal view
MARC view
Entry Personal Name
001 - CONTROL NUMBER
- control field: 163976
003 - CONTROL NUMBER IDENTIFIER
- control field: OSt
005 - DATE AND TIME OF LATEST TRANSACTION
- control field: 20220923220014.0
008 - FIXED-LENGTH DATA ELEMENTS
- fixed length control field: 220923|| aca||aabn | a|a d
040 ## - CATALOGING SOURCE
- Original cataloging agency: OSt
- Transcribing agency: OSt
100 ## - HEADING--PERSONAL NAME
- Personal name: जैन, देवेन्द्र कुमार; मिश्र, राजेन्द्र
670 ## - SOURCE DATA FOUND
- Source citation: Work cat.: (OSt)336842: जैन, देवेन्द्र कुमार; मिश्र, राजेन्द्र, मुक्तिबोध विचार और कविता, 1998
